Statistics for Countries With Most Slavery

Click here to take the quiz!

General Stats

  • This quiz has been taken 15,176 times
    (14,909 since last reset)
  • The average score is 12 of 21

Answer Stats

%Country% Correct
1.40India
80%
1.13Pakistan
74%
1.13D.R. Congo
72%
1.13Iraq
71%
1.13Somalia
68%
1.13Sudan
68%
1.13Afghanistan
66%
1.13Syria
63%
4.37North Korea
61%
1.13South Sudan
61%
1.13Yemen
61%
0.95Bangladesh
60%
1.13Libya
59%
0.96Myanmar
52%
1.13Central African Republic
47%
1.36Qatar
45%
1.06Mauritania
45%
1.65Cambodia
43%
3.97Uzbekistan
30%
1.00Haiti
25%
1.00Dominican Republic
16%

Score Distribution

Percentile by Number Answered

Percent of People with Each Score

Your Score History

You have not taken this quiz since the last reset